000
00252 a2200097 4500
020
_a
9788126427871
100
_a
Mali(V. Madhavan Nair)
245
_a
Puranakadhamalika(പുരാണകഥാമാലിക)
260
_b
D C books
_c
2021
942
_c
OO
999
_c
115265
_d
115264